000 00302nam a22001457a 4500
003 SGT
082 _a617.7
_bW17B
100 _aBAGHERI, NIKA
245 _aTHE WILLS EYE MANUAL
250 _a7TH
260 _aINDIA
_bWOLTERS
_c2017
300 _a446
650 _aOPHTHALMOLOGY
942 _2ddc
_cBK
999 _c14560
_d14560